| 000 | 00518nam a22001577a 4500 | ||
|---|---|---|---|
| 003 | MACL | ||
| 005 | 20160405132244.0 | ||
| 008 | 160405b xxu||||| |||| 00| 0 eng d | ||
| 040 | _cMACL | ||
| 041 | _aHindi | ||
| 082 | _a100 | ||
| 100 |
_aआ सी एस शास्त्री _950549 |
||
| 245 | _aभर्तृहरि नीतिशास्त्र महाग्रंथ | ||
| 260 |
_aदिल्ली _bभारतीय प्रकाशन मंदिर _c2010 |
||
| 942 |
_2ddc _cHIN |
||
| 999 |
_c53718 _d53718 |
||